000 00701nam a2200289Ia 4500
005 20260324150828.0
008 008 260324s9999 xx 000 0 eng d
020 _a9781315009544
037 _aEBOOK
040 _aCRL
040 _beng
040 _cCRL
041 _2eng
041 _aeng
084 _qCRL
100 _a Griffiths, Ruth
_91227755
245 2 _aA Study of IMAGINATION IN EARLY CHILDHOOD
245 4 _band its Function in Mental Development
260 _bTaylor and Francis
260 _c1935
365 _a
365 _b140
856 _uhttp://www.taylorfrancis.com/books/9781315009544
942 _cEBOOK
999 _c1837898
_d1837898